| 000 -LEADER |
| fixed length control field |
00265nam a2200109Ia 4500 |
| 008 - FIXED-LENGTH DATA ELEMENTS--GENERAL INFORMATION |
| fixed length control field |
190906s9999||||xx |||||||||||||| ||und|| |
| 100 ## - MAIN ENTRY--PERSONAL NAME |
| Personal name |
David A. Ricks |
| 245 #0 - TITLE STATEMENT |
| Title |
International Business |
| 260 ## - PUBLICATION, DISTRIBUTION, ETC. (IMPRINT) |
| Place of publication, distribution, etc |
New Delhi |
| Name of publisher, distributor, etc |
Addison -Wesley |
| Date of publication, distribution, etc |
1992 |
| 300 ## - PHYSICAL DESCRIPTION |
| Extent |
534 |
| 942 ## - ADDED ENTRY ELEMENTS (KOHA) |
| Koha item type |
Books |